| 000 | 00797nam a22002057a 4500 | ||
|---|---|---|---|
| 005 | 20111012113125.0 | ||
| 008 | 111012t xxu||||| |||| 00| 0 eng d | ||
| 010 | _aENG-103957 | ||
| 020 | _c70.00 | ||
| 035 | _aEN-87490 | ||
| 037 | _bDBAD/PUB | ||
| 040 |
_aDPL _bEng |
||
| 082 | _a343.651 | ||
| 245 |
_aThe insecticides act, 1968 (46 of 1968) as amended in 2010 with short notes _heng |
||
| 260 |
_aDelhi _bUniversal Law Publishing _c2010 |
||
| 270 |
_aC-FF-1A, Dilkhush Industrial Estate, (Opp. Hans Cinema, Azadpur) G.T. Karnal Road, _bDelhi _e110033 |
||
| 300 |
_aiv,87,6p. _c24cm (pbk) |
||
| 942 |
_2ddc _cEN _h343.651 _mINS |
||
| 999 |
_c57568 _d57568 |
||